| 000 | 00428nam a2200157 a 4500 | ||
|---|---|---|---|
| 001 | 37014 | ||
| 005 | 20180714005811.0 | ||
| 008 | 140415s2003 sp 000 0 spa d | ||
| 041 | _aspa | ||
| 082 |
_a248.89 _bCOM |
||
| 245 | 0 | 0 |
_aCOMUNION Y LIBERACION : _bUN MOVIMIENTO EN LA IGLESIA |
| 250 | _a1a ed. | ||
| 260 |
_aESPAÑA : _bEDICIONES ENCUENTRO, _c2003, 1990 |
||
| 300 | _a128 | ||
| 650 | 1 | 4 |
_aIGLESIA _xGRUPOS |
| 999 |
_c37014 _d37014 |
||